[Event "Titled Tue 24th Jun Early"]
[Site "chess.com INT"]
[Date "2025.06.24"]
[Round "4"]
[White "Tekeyev, Zaur"]
[Black "Tamer Waguih, Farid"]
[Result "1-0"]
[WhiteTitle "IM"]
[BlackTitle "FM"]
[WhiteElo "2407"]
[BlackElo "2300"]
[WhiteFideId "4199731"]
[BlackFideId "10685723"]
[EventDate "2025.06.24"]

1. e4 c5 2. Nf3 Nc6 3. Bb5 a6 4. Bxc6 bxc6 5. O-O e6 6. b3 Ne7 7. Bb2 d6 8. e5
d5 9. Nc3 Nf5 10. Na4 Be7 11. d3 O-O 12. Ba3 f6 13. Bxc5 Bxc5 14. Nxc5 fxe5 15.
Nxe5 Rf6 16. d4 Rh6 17. c3 Qg5 18. Qf3 Rf6 19. Qd3 Ra7 20. Rae1 h5 21. f4 Qh6
22. g3 g5 23. fxg5 Qxg5 24. Kh1 Rh7 25. Rg1 Kh8 26. Qe2 h4 27. gxh4 Qxh4 28. Nf3
Ng3+ 29. Rxg3 Qxg3 30. Rf1 e5 31. dxe5 Rf8 32. Qg2 Qf4 33. Nd3 Qf5 34. Nf2 Be6
35. Nd1 Bf7 36. Ne3 Qe4 37. Nd1 Bh5 38. Nd2 Rxf1+ 39. Nxf1 Qxg2+ 40. Kxg2 Bxd1
41. Ne3 Bh5 42. Nf5 Be8 43. Nd4 Re7 44. Nf3 Bh5 45. Nh4 Rxe5 46. Kg3 Kg7 47. Kf4
Re1 48. Nf5+ Kf6 49. Nd4 Re4+ 50. Kg3 c5 51. Nc6 Re3+ 52. Kf4 Rxc3 53. Nb8 d4
54. Ke4 Re3+ 55. Kf4 d3 56. Kxe3 Be2 57. Nc6 Ke6 58. Na5 Kd5 59. Nc4 Bf1 60. h4
Be2 61. Nd2 Ke5 62. Ne4 Kd5 63. Nc3+ Ke5 64. Nxe2 dxe2 65. Kxe2 1-0

[Event "Titled Tue 24th Jun Early"]
[Site "chess.com INT"]
[Date "2025.06.24"]
[Round "4"]
[White "Smirnov, Alexandr A."]
[Black "Harshavardhan, G B"]
[Result "0-1"]
[WhiteTitle "FM"]
[BlackTitle "IM"]
[WhiteElo "2136"]
[BlackElo "2472"]
[WhiteFideId "24104396"]
[BlackFideId "25059009"]
[EventDate "2025.06.24"]

1. e4 e5 2. Nf3 Nc6 3. Bc4 d6 4. d4 Nf6 5. Nc3 Bg4 6. Be3 Bxf3 7. gxf3 exd4 8.
Bxd4 Nxd4 9. Qxd4 g6 10. O-O-O Bg7 11. e5 Nd7 12. f4 O-O 13. Kb1 Nb6 14. Qe4
Nxc4 15. Qxc4 Qh4 16. Qxc7 dxe5 17. fxe5 Rfc8 18. Qd7 Bxe5 19. Nd5 Rd8 20. Qb5
Bg7 21. Rhe1 a6 22. Qe2 h5 23. Qf3 Re8 24. h3 a5 25. c3 a4 26. a3 Rab8 27. Re3
Rxe3 28. Qxe3 Kh7 29. Qf3 Rf8 30. Re1 Qc4 31. Re7 Kg8 32. Rxb7 h4 33. Rb4 Qf1+
34. Kc2 Re8 35. Ne3 Qa6 36. Re4 Rd8 37. Nc4 Qb5 38. Qe2 Qb3+ 39. Kc1 Bh6+ 40. f4
Qa2 41. Re8+ Rxe8 42. Qxe8+ Bf8 43. Qe4 Qa1+ 44. Qb1 Qxb1+ 45. Kxb1 Bh6 46. b3
Bxf4 47. bxa4 g5 48. a5 f5 49. a6 Bb8 50. Ne3 g4 51. hxg4 f4 52. Ng2 h3 53. Nxf4
h2 54. a7 h1=Q+ 0-1

[Event "Titled Tue 24th Jun Early"]
[Site "chess.com INT"]
[Date "2025.06.24"]
[Round "4"]
[White "Vandan Alankar Sawai"]
[Black "Ozen, Batuhan"]
[Result "0-1"]
[WhiteTitle "CM"]
[BlackTitle "CM"]
[WhiteElo "1955"]
[BlackElo "2128"]
[WhiteFideId "25973096"]
[BlackFideId "6345123"]
[EventDate "2025.06.24"]

1. e4 c5 2. Nf3 Nc6 3. d4 cxd4 4. Nxd4 g6 5. c4 Bg7 6. Be3 Nf6 7. Nc3 d6 8. Be2
O-O 9. O-O Bd7 10. Rc1 Nxd4 11. Bxd4 Bc6 12. f3 a5 13. Qd2 Nd7 14. Be3 Nc5 15.
b3 e6 16. Rfd1 Be5 17. Bh6 Re8 18. Bg5 f6 19. Be3 Qe7 20. Rb1 f5 21. exf5 gxf5
22. Kh1 Qh4 23. Bg1 Kh8 24. Bf1 Rg8 25. Ne2 Rg7 26. Nd4 Rag8 27. Qf2 Qh5 28.
Nxc6 bxc6 29. Rbc1 Bf4 30. Rc2 Rg6 31. Qd4+ Be5 32. Qe3 Rh6 33. f4 Ne4 34. fxe5
Qxd1 35. Qxh6 Qxc2 36. exd6 Qd1 37. Qxe6 Qxd6 38. Qxd6 Nxd6 39. Bd4+ Rg7 40.
Bxg7+ Kxg7 41. c5 Ne4 42. Bc4 Nxc5 43. Kg1 Ne4 44. Kf1 Kf6 45. Ke2 Nc3+ 46. Ke3
Nxa2 47. Kf4 Nb4 48. Bg8 h6 49. Bh7 Nd3+ 50. Ke3 Nc5 51. Bg8 Ke5 52. g3 Ne4 53.
Bc4 Nf6 54. Kf3 Ng4 55. h3 Nf6 56. g4 fxg4+ 57. hxg4 Ne4 58. Ke3 Nf6 59. Kf3 Nd7
60. Kg3 Nb6 61. Bg8 Nd5 62. Kh4 Nf4 63. Bc4 Kf6 64. Bg8 Kg6 65. Bc4 Ng2+ 66. Kg3
Ne3 67. Bd3+ Kg5 68. Kf3 Nd5 69. Bc4 Nf6 70. Be6 Nd5 71. Bf5 Ne7 72. Be4 Ng6 73.
Bxc6 Ne5+ 74. Ke4 Nxc6 75. Kd5 Nb4+ 76. Kc5 Kxg4 77. Kb5 Nd3 78. Kxa5 h5 79. b4
Nxb4 80. Kxb4 h4 0-1

[Event "Titled Tue 24th Jun Early"]
[Site "chess.com INT"]
[Date "2025.06.24"]
[Round "4"]
[White "Erigaisi, Arjun"]
[Black "Kacharava, Nikolozi"]
[Result "1-0"]
[WhiteTitle "GM"]
[BlackTitle "GM"]
[WhiteElo "2782"]
[BlackElo "2524"]
[WhiteFideId "35009192"]
[BlackFideId "13611860"]
[EventDate "2025.06.24"]

1. h4 d5 2. h5 e5 3. h6 Nxh6 4. d4 Nc6 5. Bxh6 gxh6 6. dxe5 Nxe5 7. Nc3 Be6 8.
e3 Bg7 9. Nh3 Ng6 10. Qd2 c6 11. Bd3 Qb6 12. Rb1 O-O-O 13. Ne2 Kb8 14. Nhf4 Nxf4
15. Nxf4 d4 16. e4 Bxa2 17. Ra1 Be6 18. b4 a6 19. Rh5 Bc8 20. Rha5 Bf8 21. R5a4
Rg8 22. g3 Rg5 23. Bc4 Re5 24. f3 Qc7 25. Kf2 f5 26. Bd3 fxe4 27. Bxe4 Bd6 28.
Ne2 h5 29. Rh1 Rf8 30. Kg2 Bg4 31. Nxd4 Rxe4 32. fxe4 Bxg3 33. Nf5 Bxf5 34. exf5
Rxf5 35. Rf1 Rxf1 36. Kxf1 h4 37. Kg2 Qe5 38. Ra3 Qe4+ 39. Rf3 Bc7 40. Qd3 Qg4+
41. Kf1 Qxb4 42. Qxh7 Bg3 43. Qd3 Ka7 44. Kg2 Qc5 45. Kh3 a5 46. Rf5 Qb4 47.
Qe3+ Ka6 48. c3 Qc4 49. Rf8 Bc7 50. Ra8+ Kb5 51. Rb8 b6 52. Rc8 Bd6 53. Re8 Bc5
54. Re5 a4 55. Qf3 a3 56. Re4 Qb3 57. Qe2+ Ka5 58. Qd3 a2 59. Re8 1-0

[Event "Titled Tue 24th Jun Early"]
[Site "chess.com INT"]
[Date "2025.06.24"]
[Round "4"]
[White "Csonka, Balazs"]
[Black "Zlatin, Alexander"]
[Result "1-0"]
[WhiteTitle "IM"]
[BlackTitle "FM"]
[WhiteElo "2467"]
[BlackElo "2313"]
[WhiteFideId "742910"]
[BlackFideId "2810549"]
[EventDate "2025.06.24"]

1. Nf3 Nf6 2. d4 d5 3. Bf4 c5 4. e3 Qb6 5. Nc3 Bf5 6. Nb5 Na6 7. dxc5 Qxc5 8. c3
e6 9. Qa4 Nd7 10. Ne5 O-O-O 11. Nc6 Nb6 12. Nbxa7+ Kd7 13. Ne5+ Ke7 14. Nac6+
bxc6 15. Qxa6 f6 16. Qb7+ Nd7 17. Nxc6+ Ke8 18. Nxd8 e5 19. Bg3 h5 20. Bb5 h4
21. Bxh4 Rxh4 22. Nc6 Bd6 23. Nb8 Bxb8 24. Qxb8+ Ke7 25. Bxd7 Bxd7 26. Qg8 Be6
27. Qxg7+ Bf7 28. Qg3 Rh6 29. O-O Rg6 30. Qf3 Qc4 31. b3 Qh4 32. g3 Qh3 33. a4
Kd6 34. a5 d4 35. cxd4 Bd5 36. e4 Be6 37. dxe5+ Ke7 38. exf6+ Rxf6 39. Qg2 Qh5
40. e5 Rf7 41. a6 Bh3 42. Qb7+ Kf8 43. a7 Bg4 44. a8=Q+ Kg7 45. Qxf7+ Qxf7 46.
Ra7 Bd7 47. Qe4 Kh6 48. e6 Qf6 49. exd7 Qg5 50. Qe3 Kg7 51. Qxg5+ Kf7 52. d8=N+
Kf8 53. Qf6+ Ke8 54. Qe6+ Kf8 55. Qe7+ Kg8 56. b4 Kh8 57. b5 Kg8 58. b6 Kh8 59.
b7 Kg8 60. b8=N Kh8 61. Nd7 Kg8 62. f4 Kh8 63. f5 Kg8 64. f6 Kh8 65. g4 Kg8 66.
g5 Kh8 67. h4 Kg8 68. h5 Kh8 69. g6 Kg8 70. h6 Kh8 71. Ne6 Kg8 72. Ng5 Kh8 73.
Ne5 Kg8 74. f7+ Kh8 75. h7 Kg7 76. Ne6+ Kh6 77. f8=N Kh5 78. g7 Kh6 79. h8=Q# 1-0

[Event "Titled Tue 24th Jun Early"]
[Site "chess.com INT"]
[Date "2025.06.24"]
[Round "4"]
[White "Xiong, Jeffery"]
[Black "Alonso Rosell, Alvar"]
[Result "1-0"]
[WhiteTitle "GM"]
[BlackTitle "GM"]
[WhiteElo "2639"]
[BlackElo "2536"]
[WhiteFideId "2047640"]
[BlackFideId "2270544"]
[EventDate "2025.06.24"]

1. e4 c6 2. Nf3 d5 3. d3 e6 4. e5 c5 5. c3 Nc6 6. d4 Bd7 7. Be2 Nge7 8. O-O Ng6
9. Be3 Qb6 10. Qd2 Be7 11. g3 O-O 12. h4 f6 13. h5 Nh8 14. h6 g6 15. exf6 Rxf6
16. Bg5 Rf7 17. Bxe7 Rxe7 18. Na3 Nf7 19. Bb5 Nxd4 20. cxd4 Bxb5 21. dxc5 Qxc5
22. Rfc1 Bc4 23. Qf4 Rf8 24. Nxc4 dxc4 25. Rxc4 Qf5 26. Qh4 Rd7 27. Rf4 Qh5 28.
Qxh5 gxh5 29. Rf6 Nd6 30. Rxf8+ Kxf8 31. Ng5 Ke7 32. Re1 Kf6 33. f4 Re7 34. Re5
Nf5 35. Kf2 Nxh6 36. Ne4+ Kf7 37. Rxh5 Kg6 38. Rg5+ Kf7 39. Kf3 Nf5 40. g4 Nd4+
41. Ke3 Nc2+ 42. Kf2 Rd7 43. Rh5 Rd4 44. Ng5+ Kg6 45. Nxe6 Rd2+ 46. Kf3 Rd3+ 47.
Kf2 Rd2+ 48. Kg3 Rd3+ 49. Kh4 Ne3 50. f5+ Kf6 51. Rh6+ Ke5 52. Rxh7 Rd1 53. Kg5
Rg1 54. Rh4 Nxf5 55. Rh2 Ne3 56. Re2 Rxg4+ 57. Kh5 Re4 58. Nc5 Kd4 59. Nxe4 Kxe4
60. Kg5 Kd3 61. Rh2 Nc4 62. Kf4 Kd4 63. b3 Nd6 64. Rd2+ Kc5 65. Ke5 Nb5 66. Rd7
Nc3 67. Rc7+ Kb4 68. Rc4+ Ka3 69. Rxc3 Kxa2 70. Kd4 b5 71. b4 Kb2 72. Rf3 Ka2
73. Kc5 Kb2 74. Kxb5 Ka2 75. Kc4 1-0

[Event "Titled Tue 24th Jun Early"]
[Site "chess.com INT"]
[Date "2025.06.24"]
[Round "4"]
[White "Nicot, Valentin"]
[Black "Cherukuri, Nitesh"]
[Result "0-1"]
[WhiteTitle "CM"]
[BlackTitle "CM"]
[WhiteElo "2206"]
[BlackElo "2171"]
[WhiteFideId "651002477"]
[BlackFideId "30978688"]
[EventDate "2025.06.24"]

1. d4 Nf6 2. c4 g6 3. Nc3 Bg7 4. e4 d6 5. Nf3 O-O 6. Be2 Nbd7 7. O-O e5 8. d5 a5
9. h3 Nc5 10. Qc2 a4 11. Be3 Nfd7 12. b4 axb3 13. axb3 Rxa1 14. Rxa1 f5 15. b4
Nxe4 16. Nxe4 fxe4 17. Qxe4 Nb6 18. Rc1 Bf5 19. Qh4 Qd7 20. Nd2 Bf6 21. Qg3 Ra8
22. Bg4 Ra2 23. Ne4 Be7 24. Qf3 h5 25. Bxf5 Qxf5 26. Ng3 Qxf3 27. gxf3 Nd7 28.
c5 Rb2 29. cxd6 Bxd6 30. Ne4 Rxb4 31. Nxd6 cxd6 32. Bg5 Nb6 33. Rc7 Nxd5 34. Rd7
Nf4 35. Bxf4 exf4 36. Rxd6 Kg7 37. Rd7+ Kh6 38. Kg2 b5 39. h4 Rc4 40. Rb7 b4 41.
Rb6 Kg7 42. Rb7+ Kf6 43. Rb6+ Kf7 44. Rb7+ Ke8 45. Rb6 Kf7 46. Rb7+ Kf6 47. Rb6+
Kg7 48. Rb7+ Kh6 49. Rb6 Rd4 50. Kf1 Rd1+ 51. Kg2 Rb1 52. Rb7 b3 53. Kh2 b2 54.
Kg2 g5 55. Rb6+ Kg7 56. hxg5 h4 57. g6 h3+ 58. Kh2 Kf8 59. Rb7 Kg8 60. g7 Kh7
61. g8=Q+ Kxg8 62. Rb8+ Kf7 63. Rb4 Ke6 64. Rb8 Kd5 65. Rd8+ Kc4 66. Rc8+ Kd3
67. Rd8+ Ke2 68. Re8+ Kxf2 69. Rb8 Kxf3 70. Rb3+ Ke2 71. Rb8 f3 72. Re8+ Kd3 73.
Rd8+ Ke4 74. Rb8 f2 75. Re8+ Kd5 76. Rf8 f1=Q 0-1

[Event "Titled Tue 24th Jun Early"]
[Site "chess.com INT"]
[Date "2025.06.24"]
[Round "4"]
[White "Duarte Cramer, Lily Jeanette"]
[Black "Miranda Camus, Joaquin Ignacio"]
[Result "1-0"]
[WhiteTitle "WCM"]
[BlackTitle "FM"]
[WhiteElo "1828"]
[BlackElo "2196"]
[WhiteFideId "29620180"]
[BlackFideId "3449300"]
[EventDate "2025.06.24"]

1. d4 Nf6 2. c4 e6 3. Nc3 Bb4 4. Qc2 d5 5. cxd5 exd5 6. a3 Bd6 7. Bg5 c6 8. e3
Nbd7 9. Bd3 Nf8 10. Nge2 Ne6 11. Bh4 g6 12. e4 Be7 13. e5 Nh5 14. Bxe7 Qxe7 15.
g3 O-O 16. Qd2 f6 17. Qh6 fxe5 18. dxe5 Nc5 19. O-O-O Qxe5 20. Rhe1 Nxd3+ 21.
Rxd3 Qg7 22. Qxg7+ Nxg7 23. Nf4 Nf5 24. Re5 Bd7 25. Rd1 Rae8 26. Rde1 Rxe5 27.
Rxe5 Re8 28. Rxe8+ Bxe8 29. Ne6 Bd7 30. Nc5 Bc8 31. Kd2 b6 32. Nd3 Bb7 33. Ne5
Nd6 34. b4 Kg7 35. f4 c5 36. bxc5 bxc5 37. Kd3 d4 38. Na4 Ba6+ 39. Kd2 c4 40.
Nc5 c3+ 41. Kc2 Be2 42. Ne6+ Kf6 43. Nxd4 Bf1 44. Kxc3 Ne4+ 45. Kc2 Nf2 46. Kd2
Ne4+ 47. Ke3 Nd6 48. Ndc6 a6 49. Kd4 Be2 50. Nb4 Bf1 51. Kc5 Ne4+ 52. Kb6 Nc3
53. Nxa6 Nb1 54. Nb4 Nxa3 55. Ng4+ Kg7 56. Nd5 Bg2 57. Kc5 Nc2 58. Nc3 h5 59.
Ne5 Bh1 60. Kc4 Ne1 61. Kd4 Ba8 62. Ke3 Ng2+ 63. Kf2 h4 64. Ne2 h3 65. Nf3 Kf6
66. Ng5 Bd5 67. Nxh3 Kf5 68. Ng5 Kg4 69. h3+ Kf5 70. Nd4+ Kf6 71. Ngf3 1-0

[Event "Titled Tue 24th Jun Early"]
[Site "chess.com INT"]
[Date "2025.06.24"]
[Round "4"]
[White "Srihari, L R"]
[Black "Kramnik, Vladimir"]
[Result "1-0"]
[WhiteTitle "IM"]
[BlackTitle "GM"]
[WhiteElo "2480"]
[BlackElo "2753"]
[WhiteFideId "46617116"]
[BlackFideId "4101588"]
[EventDate "2025.06.24"]

1. Nf3 Nf6 2. c4 c5 3. Nc3 e6 4. e3 d5 5. cxd5 exd5 6. d4 Nc6 7. Bb5 cxd4 8.
Nxd4 Bd7 9. O-O Bd6 10. Nf3 a6 11. Be2 Be6 12. b3 O-O 13. Bb2 Re8 14. Rc1 Qe7
15. h3 Rad8 16. Bd3 Bb8 17. Ne2 Ne4 18. Ned4 Bd7 19. Nxc6 bxc6 20. Re1 a5 21.
Rc2 Qd6 22. Qa1 f6 23. Rd1 Qe7 24. Qc1 Kh8 25. Ba3 Qf7 26. Nd4 Qg6 27. Kf1 c5
28. Bxc5 Qh5 29. Be2 Qh4 30. Bf3 Ng5 31. Bb6 Rc8 32. Rxc8 Rxc8 33. Qd2 Re8 34.
Bxd5 Ne4 35. Bxe4 Qxe4 36. Qd3 Qb7 37. Bxa5 Be5 38. Kg1 Bb8 39. Nf5 Bc6 40. f3
Qf7 41. Nd6 Bxd6 42. Qxd6 Re6 43. Qb8+ Be8 44. Rd8 h6 45. Kf2 Qe7 46. Bb4 Qf7
47. Bc3 Kh7 48. Bd4 Qe7 49. Rc8 h5 50. Qa8 Qd7 51. Qb8 Qe7 52. Rc5 Qf7 53. Qc7
Qg6 54. Qg3 Qf7 55. Rc7 Re7 56. Rxe7 Qxe7 57. Qf4 Qf7 58. Qe4+ Kg8 59. g4 hxg4
60. hxg4 Bd7 61. Qa8+ Kh7 62. Qb7 Kg8 63. a4 Qe6 64. a5 Bc6 65. Qb6 Kh7 66. Qc5
Qc8 67. Qf5+ Qxf5 68. gxf5 Bb5 69. e4 Kg8 70. Ke3 1-0

[Event "Titled Tue 24th Jun Early"]
[Site "chess.com INT"]
[Date "2025.06.24"]
[Round "4"]
[White "Ben Artzi, Ido"]
[Black "Materia, Marco"]
[Result "1-0"]
[WhiteTitle "IM"]
[BlackTitle "IM"]
[WhiteElo "2339"]
[BlackElo "2489"]
[WhiteFideId "2810913"]
[BlackFideId "45150451"]
[EventDate "2025.06.24"]

1. d4 Nf6 2. c4 e6 3. Nc3 d5 4. cxd5 exd5 5. Bg5 Be7 6. e3 h6 7. Bh4 O-O 8. Bd3
c6 9. Nge2 Re8 10. O-O Nh5 11. Bxe7 Qxe7 12. Qc2 Nd7 13. Rab1 a5 14. a3 Nb6 15.
b4 axb4 16. axb4 Be6 17. b5 c5 18. dxc5 Qxc5 19. Nd4 Rec8 20. Rfc1 Nf6 21. Qd2
Qd6 22. Nxe6 fxe6 23. h3 e5 24. Bf5 Rd8 25. Rd1 d4 26. exd4 exd4 27. Ne4 Qe5 28.
Nxf6+ Qxf6 29. Bd3 Na4 30. Re1 Nc3 31. Ra1 Rac8 32. Qb2 Kh8 33. Qb3 Nd5 34. Be4
Rc3 35. Qb2 Nf4 36. Bxb7 d3 37. Ra8 Rxa8 38. Bxa8 Ne2+ 39. Kf1 Qb6 40. Bf3 Ng3+
41. fxg3 Rc8 42. Qd2 Qxb5 43. Kg1 Rc2 44. Qe3 Rc8 45. Rd1 Rd8 46. Rd2 Qb1+ 47.
Kh2 Qc1 48. Rxd3 Qc7 49. Rxd8+ Qxd8 50. Be4 Qe7 51. Qf3 g5 52. Qf5 Kg7 53. Qg6+
Kf8 54. Qxh6+ Ke8 55. Bc6+ Kd8 56. Bf3 Qe5 57. Qf8+ Kd7 58. Bg4+ Kc6 59. Qf5 Qe7
60. Qg6+ Kc5 61. Qh6 Kd4 62. h4 gxh4 63. Qxh4 Qc7 64. Bf3+ Kd3 65. Qf4 Qh7+ 66.
Qh4 Qc7 67. Qe4+ Kd2 68. Qf4+ Ke1 69. Qxc7 Kf2 70. Qc5+ Kf1 71. Qc1+ Kf2 72.
Qg1# 1-0

[Event "Titled Tue 24th Jun Early"]
[Site "chess.com INT"]
[Date "2025.06.24"]
[Round "4"]
[White "Causo, Deniel"]
[Black "Omariev, Maksim"]
[Result "0-1"]
[WhiteTitle "FM"]
[BlackTitle "FM"]
[WhiteElo "2224"]
[BlackElo "2304"]
[WhiteFideId "5203660"]
[BlackFideId "4193423"]
[EventDate "2025.06.24"]

1. e4 c5 2. c3 Nf6 3. e5 Nd5 4. d4 cxd4 5. cxd4 e6 6. Bc4 Nc6 7. Nf3 d6 8. O-O
Be7 9. Qe2 O-O 10. Rd1 a6 11. Bxd5 exd5 12. Nc3 Be6 13. Bf4 Re8 14. h3 h6 15.
Rac1 Rc8 16. Qd2 Bf8 17. exd6 Bxd6 18. Na4 Bb4 19. Qd3 Qa5 20. b3 Ba3 21. Rb1
Nb4 22. Bd2 Qxa4 23. bxa4 Nxd3 24. Rb3 Nb2 25. Rb1 Nc4 26. Bf4 Bf5 27. Rf1 b6
28. Ne5 Bd6 29. Re1 Bxe5 30. dxe5 Bc2 31. Rg3 Re6 32. Rc3 Bxa4 33. Bg3 Bc6 34.
f4 g6 35. Bh4 b5 36. a3 d4 37. Rd3 g5 38. fxg5 Nxe5 39. Rxd4 hxg5 40. Bg3 Nc4
41. Ra1 Rce8 42. a4 Re4 43. Rd3 R8e6 44. axb5 Bxb5 45. Rd8+ Kg7 46. Kh2 Re7 47.
Rd5 f5 48. Rxf5 Kg6 49. Raf1 R7e6 50. Rf8 Ne3 51. Rg8+ Kh7 52. Rff8 Nf1+ 53. Kg1
Nxg3 54. Rxg5 Ne2+ 55. Kh2 Rg6 56. Rh5+ Kg7 57. Ra8 Rxg2+ 58. Kxg2 Nf4+ 59. Kf3
Nxh5 60. Kxe4 Bc6+ 61. Kf5 Bxa8 62. Kg5 Nf6 63. h4 Be4 64. Kf4 Bd3 65. Ke5 Bb5
66. Kd4 Kg6 67. Kc5 Kh5 68. Kb4 Kxh4 69. Ka5 Kg5 70. Kb4 Kf5 71. Ka5 Ke6 72. Kb4
Kd6 73. Ka5 Kc7 74. Kb4 Kb6 75. Ka3 Kc5 76. Kb3 a5 77. Ka3 a4 78. Kb2 Kb4 79.
Ka2 Nd5 80. Kb2 a3+ 81. Ka2 Bc4+ 82. Ka1 Kb3 83. Kb1 Nb4 84. Ka1 Nc2+ 85. Kb1
a2+ 86. Kc1 a1=Q+ 87. Kd2 Qc3+ 88. Kd1 Qe1# 0-1

[Event "Titled Tue 24th Jun Early"]
[Site "chess.com INT"]
[Date "2025.06.24"]
[Round "4"]
[White "Kravtsiv, Martyn"]
[Black "Kollars, Dmitrij"]
[Result "1/2-1/2"]
[WhiteTitle "GM"]
[BlackTitle "GM"]
[WhiteElo "2598"]
[BlackElo "2633"]
[WhiteFideId "14113147"]
[BlackFideId "12909572"]
[EventDate "2025.06.24"]

1. e4 e5 2. Nf3 Nc6 3. d4 exd4 4. Nxd4 Nf6 5. Nxc6 bxc6 6. e5 Qe7 7. Qe2 Nd5 8.
g3 f6 9. c4 Ba6 10. b3 fxe5 11. Bg2 Nf6 12. O-O Qe6 13. Bb2 Bd6 14. Qe1 O-O 15.
Qa5 Bb7 16. Nd2 Qe7 17. a3 Bc5 18. b4 Bb6 19. Qa4 Bd4 20. Bxd4 exd4 21. Rfe1 Qf7
22. f4 a5 23. Rab1 axb4 24. Qxb4 Ba6 25. Qc5 Rfe8 26. Qxd4 Qf8 27. c5 Kh8 28.
Nf3 d6 29. Ng5 dxc5 30. Qc3 c4 31. Kh1 h6 32. Ne6 Qf7 33. Nc5 Rxe1+ 34. Rxe1 Bc8
35. a4 Bf5 36. h3 Bd3 37. Nxd3 cxd3 38. Bxc6 Rd8 39. a5 Qa2 40. Rd1 Qe2 41. Rd2
Qe1+ 42. Kg2 Qe3 43. Bf3 Ne4 44. Bxe4 Qxe4+ 45. Kh2 c5 46. a6 c4 47. a7 Qb7 48.
Ra2 d2 49. Rxd2 Rxd2+ 50. Qxd2 Qxa7 51. h4 Qc5 52. Qd8+ Kh7 53. Qd2 c3 54. Qc2+
Kh8 55. Kg2 Qd5+ 56. Kf2 Qd4+ 57. Kf3 h5 58. Ke2 Qc4+ 59. Ke3 Kg8 60. Qg6 Qc5+
61. Kd3 c2 62. Qe8+ Kh7 63. Qe4+ Kh8 64. Qe8+ Kh7 65. Qe4+ Kh6 66. Qe6+ g6 67.
f5 c1=N+ 68. Kd2 Qxf5 69. Qxf5 gxf5 70. Kxc1 Kg6 71. Kd2 Kf6 72. Ke3 Ke5 73. Kf3
Ke6 74. Ke3 Ke7 75. Kf2 Kf7 76. Kf3 Ke7 77. Kf4 Kf6 78. Kf3 Ke5 79. Ke3 Ke6 80.
Kf3 Ke7 81. Ke3 Ke6 82. Kf3 Ke7 1/2-1/2

[Event "Titled Tue 24th Jun Early"]
[Site "chess.com INT"]
[Date "2025.06.24"]
[Round "4"]
[White "Demchenko, Anton"]
[Black "Kozlov, Oleg"]
[Result "0-1"]
[WhiteTitle "GM"]
[BlackTitle "IM"]
[WhiteElo "2619"]
[BlackElo "2253"]
[WhiteFideId "4160258"]
[BlackFideId "4104544"]
[EventDate "2025.06.24"]

1. e4 c5 2. Nf3 e6 3. d3 Nc6 4. g3 Nf6 5. Bg2 d5 6. Qe2 Be7 7. a4 O-O 8. O-O b6
9. e5 Nd7 10. h4 Qc7 11. Bf4 Bb7 12. Na3 a6 13. Rfe1 Rfc8 14. c3 Qd8 15. Ng5 h6
16. Nh3 Na5 17. Qg4 Kh8 18. Nc2 b5 19. Ne3 d4 20. Bxb7 Nxb7 21. Ng2 dxc3 22.
bxc3 b4 23. Bd2 Na5 24. Rab1 Nc6 25. Qh5 Qf8 26. Ng5 Bxg5 27. hxg5 g6 28. Qe2 h5
29. Qe4 a5 30. Nh4 Ncxe5 31. Bf4 Nc6 32. Qc4 Qg7 33. Rbc1 Ne7 34. Qe4 Nd5 35. c4
Nxf4 36. Qxf4 Kg8 37. Nf3 Rd8 38. Red1 Rac8 39. Nd2 Nb8 40. Ne4 Qd4 41. Nf6+ Kg7
42. Qf3 Qe5 43. Ne4 Nc6 44. Re1 Nd4 45. Qg2 Qf5 46. f4 Qg4 47. Kf2 e5 48. Nf6
Qf5 49. Qe4 exf4 50. gxf4 Qh3 51. Rh1 Qf5 52. Rce1 Qxe4 53. dxe4 Ne6 54. Ke3 Rd4
55. Nd5 Rxc4 56. f5 Rc3+ 57. Kd2 Ra3 58. fxe6 fxe6 59. Nf6 Rd8+ 60. Kc2 c4 61.
Rd1 Ra2+ 62. Kb1 Rad2 63. Rxd2 Rxd2 64. Rf1 c3 65. Ne8+ Kg8 66. Nf6+ Kg7 67.
Ne8+ Kg8 68. Nf6+ Kh8 69. Ne8 b3 70. Rf8+ Kh7 71. Nf6+ Kg7 72. Rg8+ Kf7 73. Kc1
Rg2 74. Kb1 Rg1# 0-1

[Event "Titled Tue 24th Jun Early"]
[Site "chess.com INT"]
[Date "2025.06.24"]
[Round "4"]
[White "Ugorek, Kacper"]
[Black "Mekhitarian, Krikor Sevag"]
[Result "1/2-1/2"]
[WhiteTitle "CM"]
[BlackTitle "GM"]
[WhiteElo "2262"]
[BlackElo "2564"]
[WhiteFideId "21890676"]
[BlackFideId "2107660"]
[EventDate "2025.06.24"]

1. f4 d5 2. b3 c5 3. Bb2 Nc6 4. Nf3 Nf6 5. e3 a6 6. g3 g6 7. Bg2 Bg7 8. O-O O-O
9. Qe2 Bf5 10. d3 Qc8 11. Nbd2 Bh3 12. Ne5 Bxg2 13. Kxg2 Nxe5 14. Bxe5 Nd7 15.
Bxg7 Kxg7 16. e4 Qc6 17. exd5 Qxd5+ 18. Qe4 Nf6 19. Qxd5 Nxd5 20. Rfe1 e6 21. a4
Nb4 22. Rec1 Rfd8 23. Ne4 Rac8 24. a5 h6 25. Nd2 Nc6 26. Nc4 Nd4 27. Kf2 g5 28.
Ke3 Nf5+ 29. Kd2 gxf4 30. gxf4 Rd4 31. Rg1+ Kf8 32. Raf1 Rcd8 33. Rg2 Ke7 34.
Ne3 Nxe3 35. Kxe3 R4d5 36. Rg7 Rh5 37. Rf2 Kf6 38. Rg3 c4 39. bxc4 Rxa5 40. Rg1
b5 41. cxb5 Rxb5 42. c4 Rb3 43. Rd2 Ra8 44. Ke4 a5 45. c5 a4 46. Rc1 Ke7 47. c6
Kd8 48. c7+ Kc8 49. Ke5 Ra5+ 50. Kf6 Rf5+ 51. Ke7 Rbb5 52. Rg2 Rfc5 53. Rxc5
Rxc5 54. Kxf7 a3 55. Kxe6 Ra5 56. Ra2 Kxc7 57. f5 Kd8 58. d4 Ra6+ 59. Kf7 Kd7
60. h4 h5 61. f6 Ra4 62. Kg7 Rxd4 63. Rxa3 Rg4+ 64. Kf8 Rxh4 65. f7 Rf4 66. Ra7+
Ke6 67. Ke8 h4 68. f8=Q Rxf8+ 69. Kxf8 Kf5 70. Rg7 Kf4 71. Ke7 h3 72. Ke6 h2 73.
Rh7 Kg3 74. Kf5 Kg2 75. Rg7+ Kf2 76. Rh7 Kg2 77. Rg7+ Kf2 78. Rh7 Kg2 1/2-1/2

[Event "Titled Tue 24th Jun Early"]
[Site "chess.com INT"]
[Date "2025.06.24"]
[Round "4"]
[White "Krzywda, Andrzej"]
[Black "Kjaergaard-Jensen, Jesper"]
[Result "1-0"]
[WhiteTitle "CM"]
[BlackTitle "CM"]
[WhiteElo "2175"]
[BlackElo "2081"]
[WhiteFideId "1114565"]
[BlackFideId "1406990"]
[EventDate "2025.06.24"]

1. d4 Nf6 2. c4 d6 3. Nc3 e5 4. dxe5 dxe5 5. Qxd8+ Kxd8 6. Nf3 Nfd7 7. b3 f6 8.
Bb2 c6 9. Rg1 Bb4 10. g4 h6 11. h4 Ke7 12. g5 hxg5 13. hxg5 Nc5 14. gxf6+ gxf6
15. O-O-O Kf7 16. e3 Bf5 17. Be2 Nba6 18. Rg3 Bxc3 19. Bxc3 Ne4 20. Bxe5 fxe5
21. Rg2 Rae8 22. Rdg1 Rh7 23. Bd3 Nac5 24. Bc2 Reh8 25. Ng5+ Nxg5 26. Bxf5 Nf3
27. Bxh7 Nxg1 28. Bg6+ Kf6 29. Rxg1 Rg8 30. b4 Ne6 31. Rd1 Rxg6 32. Rd7 Rg7 33.
Rd6 Ke7 34. Rd2 Rf7 35. Kc2 Ng5 36. Kb3 Ke6 37. Rc2 Ne4 38. f4 exf4 39. exf4
Rxf4 40. Re2 Rf3+ 41. Ka4 Kf5 42. Rh2 Nc3+ 43. Ka5 Ne4 44. a4 Nd6 45. b5 Nxc4+
46. Kb4 Rf4 47. bxc6 bxc6 48. Kc5 Nb6 49. a5 Na4+ 50. Kxc6 Re4 51. Rh7 Re5 52.
Rxa7 Nc3 53. a6 Ke6 54. Rh7 Ne4 55. a7 Nf6 56. a8=Q Re4 57. Qc8+ Ke5 58. Re7+
Kf4 59. Rxe4+ Nxe4 60. Qf8+ Ke5 61. Kb5 Nf6 62. Qe7+ Kf5 63. Kc4 Ne4 64. Qf7+
Nf6 65. Kd4 Kg5 66. Ke5 Ng4+ 67. Ke4 Nf6+ 68. Kf3 Nh5 69. Qd5+ Kg6 70. Qa5 Ng7
71. Kf4 Nh5+ 72. Kg4 Nf6+ 73. Kh4 1-0